Statistics for Star Wars: The Last Jedi Quotes

Click here to take the quiz!

General Stats

  • This quiz has been taken 303 times
  • The average score is 9 of 11

Answer Stats

Quotes Character % Correct
Young Skywalker. Missed you, I have...Yoda
99%
I only know one truth: It's time for the Jedi... to end.Luke Skywalker
96%
I need someone to show me my place in all of this.Rey
95%
I know what you're gonna say. I changed my hair.Leia Organa
93%
Let the past die. Kill it, if you have to. That's the only way to become what you are meant to be.Kylo Ren
91%
You are no Vader. You are just a child in a mask.Supreme Leader Snoke
89%
We are the spark, that will light the fire that'll burn the First Order down.Poe Dameron
86%
We're going to win this war not by fighting what we hate, but saving what we love!Rose Tico
78%
Tell Captain Canady to Prime his Dreadnought!General Hux
72%
You were always scum.Captain Phasma
72%
Rebel scum.Finn
63%

Score Distribution

Percentile by Number Answered

Percent of People with Each Score

Your Score History

You have not taken this quiz